Vodná a kombinovaná doprava. 5 Dopravné stavby

Záverečná časť seriálu článkov zo zahraničnej študijnej cesty slovenských odborníkov sa zameriava na pozoruhodné dopravné stavby v Holandsku. Nový diaľničný most cez rieku Wall. Nový veľký tunel, ktorý prináša podúrovňové križovania frekventovanej severojužnej diaľničnej trasy a námorného prieplavu.

Gespeichert in:
Bibliographische Detailangaben
1. Verfasser: Žarnay, P.
Format: Buchkapitel
Sprache:Slowakisch
Schlagworte:
Tags: Tag hinzufügen
Keine Tags, Fügen Sie das erste Tag hinzu!

MARC

LEADER 00000naa a2200000 4500
001 r027229
005 20230825083802.9
041 0 |a slo 
044 |a SK 
245 1 0 |a Vodná a kombinovaná doprava. 5  |b Dopravné stavby  |c P. Žarnay 
520 |a Záverečná časť seriálu článkov zo zahraničnej študijnej cesty slovenských odborníkov sa zameriava na pozoruhodné dopravné stavby v Holandsku. Nový diaľničný most cez rieku Wall. Nový veľký tunel, ktorý prináša podúrovňové križovania frekventovanej severojužnej diaľničnej trasy a námorného prieplavu. 
610 2 0 |a doprava vodná 
610 2 0 |a doprava kombinovaná 
610 2 0 |a stavby 
610 2 0 |a Holandsko 
610 2 0 |a diaľnice 
610 2 0 |a mosty 
610 2 0 |a západná Európa 
610 2 0 |a tunely 
610 2 0 |a Amsterdam 
610 2 0 |a prístavy 
610 2 0 |a prieplavy 
100 1 |a Žarnay, P.